| 000 | 00911nam a2200241Ia 4500 | ||
|---|---|---|---|
| 003 | OSt | ||
| 005 | 20220923221727.0 | ||
| 006 | a|||||r|||| 00| 0 | ||
| 007 | ta | ||
| 008 | 220922b |||||||| |||| 00| 0 hin d | ||
| 024 | _a199,630 | ||
| 037 | _cTextual | ||
| 040 |
_aARTS _cARTS _bhin |
||
| 041 |
_2hin _ahin |
||
| 082 | _aQ2:332:g(Y), 152M1 | ||
| 100 |
_aमिश्र, भोलानाथ _9156279 |
||
| 245 | 0 | _aहिन्दी सन्त साहित्य में प्रतिबिम्बित समाज संवत 14 से 17 वि | |
| 246 | _aHindī santa sāhitya mean pratibimbit samāj sanvat 1400se 1700vi0 | ||
| 260 |
_aइलाहाबाद _b साहित्य वाणी _c1981 |
||
| 300 |
_a417पृ. _ccm. |
||
| 942 |
_hQ2:332:g(Y), 152M1 _cTEXL _2CC |
||
| 999 |
_c351369 _d351369 |
||